|
|
|
|
| LEADER |
00000cam a22000004a 4500 |
| 001 |
musev2_81036 |
| 003 |
MdBmJHUP |
| 005 |
20230905052325.0 |
| 006 |
m o d |
| 007 |
cr||||||||nn|n |
| 008 |
200304s2020 nyu o 00 0 eng d |
| 010 |
|
|
|z 2020011140
|
| 020 |
|
|
|a 9781501753107
|
| 020 |
|
|
|z 9781501772436
|
| 020 |
|
|
|z 9781501753084
|
| 020 |
|
|
|z 9781501753091
|
| 035 |
|
|
|a (OCoLC)1143794292
|
| 040 |
|
|
|a MdBmJHUP
|c MdBmJHUP
|
| 100 |
1 |
|
|a Frost, Dennis J.,
|e author.
|
| 245 |
1 |
0 |
|a More Than Medals :
|b A History of the Paralympics and Disability Sports in Postwar Japan /
|c Dennis J. Frost.
|
| 264 |
|
1 |
|a Ithaca [New York] :
|b Cornell University Press,
|c 2020.
|
| 264 |
|
3 |
|a Baltimore, Md. :
|b Project MUSE,
|c 2021
|
| 264 |
|
4 |
|c ©2020.
|
| 300 |
|
|
|a 1 online resource (336 pages).
|
| 336 |
|
|
|a text
|b txt
|2 rdacontent
|
| 337 |
|
|
|a computer
|b c
|2 rdamedia
|
| 338 |
|
|
|a online resource
|b cr
|2 rdacarrier
|
| 505 |
0 |
|
|a Introduction : The Paralympic Movement in Japan : An Imperfect Success Story -- Tokyo's Other Games : The Origins and Impact of the 1964 Paralympics -- Lost Games : The Far East and South Pacific (FESPIC) Games for the Disabled, 1975-2006 -- Japan's "Cradle of Disability Sports" : Ōita and the International Wheelchair Marathon, 1981- -- A Turning Point : The 1998 Winter Paralympics in Nagano -- Athletes First: Preparing for the 2020 Tokyo Summer Paralympic Games -- Coda : The 2021 Problem.
|
| 506 |
0 |
|
|a Open Access
|f Unrestricted online access
|2 star
|
| 520 |
|
|
|a "Exploring how sports have shaped perceptions of and approaches to disability in postwar Japan, this book examines five international sporting events held in Japan for athletes with disabilities: the 1964 Tokyo Paralympics, the FESPIC Games, the Ōita International Wheelchair Marathon, the 1998 Nagano Winter Paralympics, and the Tokyo 2020 Paralympics"--
|c Provided by publisher.
|
| 588 |
|
|
|a Description based on print version record.
|
| 650 |
|
7 |
|a Sports tournaments.
|2 fast
|0 (OCoLC)fst01130786
|
| 650 |
|
7 |
|a Sports for people with disabilities.
|2 fast
|0 (OCoLC)fst01130642
|
| 650 |
|
7 |
|a Athletes with disabilities.
|2 fast
|0 (OCoLC)fst00820083
|
| 650 |
|
0 |
|a Sports tournaments
|z Japan
|x History.
|
| 650 |
|
0 |
|a Athletes with disabilities
|z Japan
|x History.
|
| 650 |
|
0 |
|a Sports for people with disabilities
|z Japan
|x History.
|
| 651 |
|
7 |
|a Japan.
|2 fast
|0 (OCoLC)fst01204082
|
| 655 |
|
7 |
|a History.
|2 fast
|0 (OCoLC)fst01411628
|
| 655 |
|
7 |
|a Electronic books.
|2 local
|
| 710 |
2 |
|
|a Project Muse.
|e distributor
|
| 830 |
|
0 |
|a Book collections on Project MUSE.
|
| 856 |
4 |
0 |
|z Texto completo
|u https://projectmuse.uam.elogim.com/book/81036/
|
| 945 |
|
|
|a Project MUSE - 2021 Complete
|
| 945 |
|
|
|a Project MUSE - 2021 History
|
| 945 |
|
|
|a Project MUSE - 2021 Asian and Pacific Studies
|